000 00957nam a22002777a 4500
999 _c22044
_d22044
003 AR-CdUCM
008 190515b ||||| |||| 00| 0 spa d
040 _aMUNICIPALIDAD PROVINCIAL DEL CUSCO
_cBIBLIOTECA MUNICIPAL DEL CUSCO
082 _aKosko/N°1/1967
245 _aKosko cuadernos de Arte y Literatura /
_cLuis Nieto Miranda, director
260 _aCusco :
_bGutenberg,
_c1967.
300 _a42 páginas. :
_c21 cm.
440 _aKosko cuadernos de Arte y Literatura.
_nAño I, N°1, 1967
_947252
500 _aCaratula del artista Juan Machicado
505 _aContenido: Poemas
650 _aPoesía cusqueña
_92323
650 _aPoetas cusqueños
_95956
650 _aLiteratura cusqueña
_947253
700 _aNieto Miranda, Luis
_931822
700 _aAlencastre, Andrés
_947045
700 _aAguilar, Rafael
_917799
700 _aBrozovich, Raúl
_947254
700 _aPérez Ocampo, Gustavo
_947255
942 _2ddc
_cPP
945 _avhl